[Event "Internationaal Jeugdtoernooi Limburg 3"]
[Site "Blerick"]
[Date "1997.07.25"]
[Round "4"]
[White "Morks, Ewout"]
[Black "Backhuis, Roel"]
[Result "1-0"]
[WhiteElo "1905"]
[BlackElo "1463"]
[PlyCount "120"]
[EventDate "1997.07.24"]
[EventType "swiss"]
[EventRounds "7"]
[EventCountry "NED"]
[Source "P.Boonen"]
[SourceDate "2009.01.01"]

1. e4 c5 2. Nf3 Nc6 3. d4 cxd4 4. Nxd4 d6 5. Nc3 Nf6 6. Be2 g6 7. Be3 Bg7 8.
O-O O-O 9. Qd2 Nxd4 10. Bxd4 b6 11. f4 Bb7 12. Bf3 Rc8 13. Rad1 Ne8 14. Bxg7
Nxg7 15. Nd5 Bxd5 16. exd5 Qc7 17. c3 Nf5 18. Rde1 Rce8 19. Bd1 e5 20. dxe6
Rxe6 21. Bb3 Re7 22. Rxe7 Qxe7 23. Re1 Qc7 24. Kh1 Ng7 25. h3 Re8 26. Rd1 Rd8
27. Qd5 Nf5 28. Re1 Kf8 29. g4 Ng7 30. f5 Re8 31. Rxe8+ Nxe8 32. g5 Qd7 33. Bc2
Ng7 34. Qa8+ Qe8 35. Qxe8+ Nxe8 36. f6 h6 37. h4 hxg5 38. hxg5 Nc7 39. Bb3 Ne6
40. Bxe6 fxe6 41. a4 d5 42. Kg2 a6 43. Kf3 e5 44. c4 dxc4 45. Ke4 b5 46. axb5
axb5 47. Kxe5 b4 48. Kd4 c3 49. bxc3 bxc3 50. Kxc3 Kf7 51. Kd4 Ke8 52. Kd5 Kf7
53. Kd6 Kf8 54. f7 Kxf7 55. Kd7 Kg7 56. Ke7 Kh8 57. Kf6 Kh7 58. Kf7 Kh8 59.
Kxg6 Kg8 60. Kh6 Kh8 1-0

[Event "Internationaal Jeugdtoernooi Limburg 3"]
[Site "Blerick"]
[Date "1997.07.25"]
[Round "4"]
[White "Schilperoort, Jeroen"]
[Black "Van Beek, Alexander"]
[Result "0-1"]
[WhiteElo "1613"]
[BlackElo "1970"]
[PlyCount "54"]
[EventDate "1997.07.24"]
[EventType "swiss"]
[EventRounds "7"]
[EventCountry "NED"]
[Source "P.Boonen"]
[SourceDate "2009.01.01"]

1. e4 e5 2. Nf3 Nc6 3. d4 exd4 4. Nxd4 Nf6 5. Nxc6 bxc6 6. Bg5 h6 7. Bh4 g5 8.
Bg3 Nxe4 9. Qe2 Qe7 10. Bxc7 Bg7 11. c3 d5 12. Bg3 Ba6 13. Qxa6 Nxg3+ 14. Kd1
Nxh1 15. Qxc6+ Qd7 16. Qc5 Rc8 17. Qb4 Nxf2+ 18. Ke1 Qe7+ 19. Qxe7+ Kxe7 20.
Kxf2 Rb8 21. b3 d4 22. Ke2 dxc3 23. Kd3 c2 24. Nc3 Rhc8 25. Re1+ Kf8 26. Ne2
Bb2 27. Kd2 Rc7 0-1

[Event "Internationaal Jeugdtoernooi Limburg 3"]
[Site "Blerick"]
[Date "1997.07.25"]
[Round "4"]
[White "Schreiber, Christophe"]
[Black "Pietersma, Menno"]
[Result "1/2-1/2"]
[WhiteElo "2100"]
[BlackElo "2054"]
[PlyCount "67"]
[EventDate "1997.07.24"]
[EventType "swiss"]
[EventRounds "7"]
[EventCountry "NED"]
[Source "P.Boonen"]
[SourceDate "2009.01.01"]

1. e4 c6 2. d3 d5 3. Nd2 dxe4 4. dxe4 e5 5. Ngf3 Nd7 6. c3 Be7 7. Qc2 Ngf6 8.
Be2 O-O 9. O-O Re8 10. Re1 Bc5 11. Bf1 Nf8 12. b4 Bb6 13. Nc4 Bc7 14. a3 Ng6
15. g3 Bg4 16. Bg2 Qd7 17. Bb2 Rad8 18. Rad1 Qc8 19. Ne3 h5 20. Rxd8 Rxd8 21.
c4 b6 22. Ng5 Bd7 23. Nf5 a5 24. Rd1 Bxf5 25. Rxd8+ Qxd8 26. exf5 Ne7 27. Nf3
Qb8 28. Nd2 Qc8 29. Nf3 Qb8 30. Bh3 axb4 31. axb4 b5 32. Ng5 bxc4 33. Qxc4 Ned5
34. Qxc6 1/2-1/2

[Event "Internationaal Jeugdtoernooi Limburg 3"]
[Site "Blerick"]
[Date "1997.07.25"]
[Round "4"]
[White "Solakian, Jerome"]
[Black "Bergez, Luc"]
[Result "1/2-1/2"]
[WhiteElo "2215"]
[BlackElo "2310"]
[PlyCount "31"]
[EventDate "1997.07.24"]
[EventType "swiss"]
[EventRounds "7"]
[EventCountry "NED"]
[Source "P.Boonen"]
[SourceDate "2009.01.01"]

1. d4 Nf6 2. c4 g6 3. Nc3 Bg7 4. e4 O-O 5. Nf3 d6 6. Be2 e5 7. O-O Nc6 8. d5
Ne7 9. Ne1 Ne8 10. Be3 f5 11. f3 c5 12. a3 b6 13. b4 a6 14. Rb1 Nf6 15. Nd3 Qc7
16. bxc5 1/2-1/2

[Event "Internationaal Jeugdtoernooi Limburg 3"]
[Site "Blerick"]
[Date "1997.07.25"]
[Round "4"]
[White "Utama, Ivan"]
[Black "Paulus, Sami"]
[Result "1/2-1/2"]
[WhiteElo "2049"]
[BlackElo "1950"]
[PlyCount "38"]
[EventDate "1997.07.24"]
[EventType "swiss"]
[EventRounds "7"]
[EventCountry "NED"]
[Source "P.Boonen"]
[SourceDate "2009.01.01"]

1. e4 c5 2. Nc3 Nc6 3. Nge2 d6 4. g3 g6 5. Bg2 Bg7 6. O-O e6 7. d3 Nge7 8. Rb1
O-O 9. Be3 Nd4 10. Qd2 Rb8 11. Bh6 Bxh6 12. Qxh6 Nxc2 13. Rbc1 Nb4 14. Rfd1 b6
15. a3 Nbc6 16. d4 a6 17. Rc2 Bb7 18. Rcd2 Qc7 19. dxc5 dxc5 1/2-1/2

[Event "Internationaal Jeugdtoernooi Limburg 3"]
[Site "Blerick"]
[Date "1997.07.25"]
[Round "4"]
[White "Van Gemen, Felix"]
[Black "Holtackers, Daan"]
[Result "1/2-1/2"]
[WhiteElo "1672"]
[BlackElo "1784"]
[PlyCount "45"]
[EventDate "1997.07.24"]
[EventType "swiss"]
[EventRounds "7"]
[EventCountry "NED"]
[Source "P.Boonen"]
[SourceDate "2009.01.01"]

1. e4 c5 2. Nf3 e6 3. d4 cxd4 4. Nxd4 Nf6 5. f3 d6 6. c4 Be7 7. g4 h6 8. Nc3 a6
9. Be3 Qc7 10. Be2 b6 11. Qd2 Bb7 12. Kf2 Nbd7 13. h4 Ne5 14. b3 h5 15. g5 Nfd7
16. f4 Nc6 17. g6 Bf6 18. f5 Nxd4 19. gxf7+ Kxf7 20. Bxd4 Ne5 21. fxe6+ Kxe6
22. Nd5 Bxd5 23. cxd5+ 1/2-1/2

[Event "Internationaal Jeugdtoernooi Limburg 3"]
[Site "Blerick"]
[Date "1997.07.25"]
[Round "4"]
[White "Willemze, Thomas"]
[Black "De Wit, William"]
[Result "1/2-1/2"]
[WhiteElo "1957"]
[BlackElo "2108"]
[PlyCount "70"]
[EventDate "1997.07.24"]
[EventType "swiss"]
[EventRounds "7"]
[EventCountry "NED"]
[Source "P.Boonen"]
[SourceDate "2009.01.01"]

1. e4 c5 2. Nf3 d6 3. d4 cxd4 4. Nxd4 Nf6 5. Nc3 g6 6. Be3 Bg7 7. Be2 O-O 8.
O-O Nc6 9. Nb3 Be6 10. f4 Rc8 11. Qe1 Nb4 12. Rc1 Bc4 13. Bxc4 Rxc4 14. a3 Nc6
15. Nd2 Rxc3 16. bxc3 Ng4 17. Nb3 Nxe3 18. Qxe3 Qd7 19. Rfd1 Qc7 20. Rb1 Rc8
21. Rd3 b6 22. Rbd1 Qb7 23. Rd5 Qa6 24. e5 dxe5 25. fxe5 e6 26. Rd6 Qb5 27. Nd4
Qxe5 28. Qxe5 Nxe5 29. Nb5 Bf8 30. Rd8 Rc5 31. Nxa7 Rxc3 32. R1d2 Rxa3 33. Nb5
Ra1+ 34. Rd1 Ra5 35. Nd6 h5 1/2-1/2

[Event "Internationaal Jeugdtoernooi Limburg 3"]
[Site "Blerick"]
[Date "1997.07.26"]
[Round "5"]
[White "Backhuis, Roel"]
[Black "Leenhouts, Koen"]
[Result "0-1"]
[WhiteElo "1463"]
[BlackElo "1735"]
[PlyCount "126"]
[EventDate "1997.07.24"]
[EventType "swiss"]
[EventRounds "7"]
[EventCountry "NED"]
[Source "P.Boonen"]
[SourceDate "2009.01.01"]

1. d4 Nf6 2. c4 c5 3. Nf3 g6 4. Nc3 Bg7 5. e3 O-O 6. g3 Qc7 7. Bd2 a6 8. Qc2 d6
9. dxc5 dxc5 10. Bg2 Be6 11. b3 Nc6 12. O-O Nb4 13. Qd1 Bf5 14. Ne1 Bd3 15.
Nxd3 Nxd3 16. Qe2 Rad8 17. Rad1 e6 18. Bc1 Nxc1 19. Rxc1 Nd7 20. Rfd1 Ne5 21.
Rxd8 Rxd8 22. Rd1 Rxd1+ 23. Nxd1 Qd7 24. Kf1 b6 25. f4 Nc6 26. Nf2 a5 27. Qd3
Qxd3+ 28. Nxd3 Ne7 29. Ke2 Nf5 30. Nf2 Nd6 31. Ne4 Ne8 32. Kd3 f5 33. Nc3 Bxc3
34. Kxc3 Nf6 35. Bf3 Ne8 36. a3 Kf7 37. b4 axb4+ 38. axb4 Ke7 39. bxc5 bxc5 40.
e4 fxe4 41. Bxe4 Nd6 42. Kd3 Kf6 43. h3 e5 44. fxe5+ Kxe5 45. Bd5 Nf5 46. Bg8
h6 47. Bh7 Ne7 48. Ke3 Kf6 49. Ke4 Kg7 50. Bxg6 Kxg6 51. Ke5 Nf5 52. Kd5 Nxg3
53. Kxc5 Kg5 54. Kd5 Nf5 55. c5 Ne7+ 56. Kd6 Nf5+ 57. Ke5 Ng7 58. c6 Ne8 59.
Ke6 Nc7+ 60. Kf7 h5 61. Kg7 h4 62. Kf7 Kf4 63. Kf6 Kg3 0-1

[Event "Internationaal Jeugdtoernooi Limburg 3"]
[Site "Blerick"]
[Date "1997.07.26"]
[Round "5"]
[White "Bergez, Luc"]
[Black "Morks, Ewout"]
[Result "1-0"]
[WhiteElo "2310"]
[BlackElo "1905"]
[PlyCount "61"]
[EventDate "1997.07.24"]
[EventType "swiss"]
[EventRounds "7"]
[EventCountry "NED"]
[Source "P.Boonen"]
[SourceDate "2009.01.01"]

1. e4 e5 2. Nf3 Nc6 3. Bc4 Bc5 4. c3 Nf6 5. d3 a5 6. Nbd2 O-O 7. Bb3 d6 8. Nf1
Kh8 9. Ng3 Be6 10. O-O d5 11. Qe2 a4 12. Bc2 Qd7 13. h3 Ng8 14. Kh2 f6 15. Nh4
Qf7 16. f4 exf4 17. Bxf4 d4 18. a3 b5 19. Nf3 Rae8 20. Qf2 Qd7 21. Ne2 f5 22.
cxd4 fxe4 23. dxe4 Bc4 24. dxc5 Bxe2 25. Qxe2 Rxf4 26. Ne5 Rxf1 27. Nxd7 Rxa1
28. Qxb5 Nd4 29. Qxa4 Nxc2 30. Qxc2 Re1 31. e5 1-0

[Event "Internationaal Jeugdtoernooi Limburg 3"]
[Site "Blerick"]
[Date "1997.07.26"]
[Round "5"]
[White "De Jong, Jan Willem"]
[Black "Utama, Ivan"]
[Result "0-1"]
[WhiteElo "1980"]
[BlackElo "2049"]
[PlyCount "128"]
[EventDate "1997.07.24"]
[EventType "swiss"]
[EventRounds "7"]
[EventCountry "NED"]
[Source "P.Boonen"]
[SourceDate "2009.01.01"]

1. e4 e5 2. Nf3 Nc6 3. Bb5 a6 4. Bxc6 dxc6 5. O-O Bg4 6. h3 h5 7. d3 Qf6 8.
Nbd2 Ne7 9. Re1 Ng6 10. d4 Nf4 11. hxg4 hxg4 12. Nh2 Nxg2 13. Ndf1 Nxe1 14.
Qxe1 Bd6 15. Qe3 exd4 16. Qg5 Qxg5 17. Bxg5 f6 18. e5 Bxe5 19. Nxg4 Bd6 20. Bd2
Rh4 21. Ngh2 O-O-O 22. Ng3 Rdh8 23. Nhf1 g6 24. Re1 f5 25. f3 Bxg3 26. Nxg3 Rh3
27. Bf4 R8h4 28. Be5 f4 29. Nf1 Rxf3 30. Kg2 Re3 31. Nxe3 dxe3 32. Bf6 Rh5 33.
Rd1 b5 34. Kf3 g5 35. Kg4 Rh2 36. Bxg5 Rxc2 37. Rb1 e2 38. Bf6 a5 39. Kxf4 a4
40. a3 c5 41. Bc3 b4 42. axb4 a3 43. Ke3 cxb4 44. Bxb4 Rxb2 45. Ra1 Rxb4 46.
Kxe2 Ra4 47. Ra2 c5 48. Kd3 Kc7 49. Kc3 c4 50. Kd2 Kc6 51. Kc2 Kc5 52. Kc3 Kb5
53. Ra1 a2 54. Kc2 Kb4 55. Kb2 c3+ 56. Kc2 Kc4 57. Rh1 Rb4 58. Rh4+ Kb5 59.
Rh5+ Ka4 60. Rh8 Ka3 61. Rh1 Rb1 62. Rxb1 axb1=Q+ 63. Kxb1 Kb3 64. Ka1 Kc2 0-1

[Event "Internationaal Jeugdtoernooi Limburg 3"]
[Site "Blerick"]
[Date "1997.07.26"]
[Round "5"]
[White "De Wit, William"]
[Black "Solakian, Jerome"]
[Result "0-1"]
[WhiteElo "2108"]
[BlackElo "2215"]
[PlyCount "77"]
[EventDate "1997.07.24"]
[EventType "swiss"]
[EventRounds "7"]
[EventCountry "NED"]
[Source "P.Boonen"]
[SourceDate "2009.01.01"]

1. e4 e6 2. Nf3 d5 3. e5 c5 4. b4 cxb4 5. d4 Nc6 6. a3 f6 7. axb4 fxe5 8. dxe5
Bxb4+ 9. c3 Bc5 10. Bd3 Nge7 11. O-O Nf5 12. Nbd2 O-O 13. Qc2 Kh8 14. Nb3 Bb6
15. Kh1 Qc7 16. Ba3 Re8 17. g4 Nh6 18. h3 Nxe5 19. Nxe5 Qxe5 20. f4 Qc7 21.
Bxh7 Bd7 22. Rae1 Rac8 23. Bb2 d4 24. g5 Nf5 25. Bxf5 exf5 26. Qd1 Rxe1 27.
Qxe1 dxc3 28. g6 Qc6+ 29. Kh2 Qxg6 30. Bxc3 Bc6 31. Qe2 Re8 32. Be5 Bd5 33. Nd2
Rc8 34. Nf3 Bxf3 35. Qxf3 Rc2+ 36. Kh1 Qc6 37. h4 Rc1 38. Kh2 Bg1+ 39. Rxg1 0-1

[Event "Internationaal Jeugdtoernooi Limburg 3"]
[Site "Blerick"]
[Date "1997.07.26"]
[Round "5"]
[White "Holtackers, Daan"]
[Black "Buzing, Pieter"]
[Result "0-1"]
[WhiteElo "1784"]
[BlackElo "2072"]
[PlyCount "42"]
[EventDate "1997.07.24"]
[EventType "swiss"]
[EventRounds "7"]
[EventCountry "NED"]
[Source "P.Boonen"]
[SourceDate "2009.01.01"]

1. e4 e6 2. d4 d5 3. Nd2 Nf6 4. e5 Nfd7 5. f4 c5 6. c3 cxd4 7. cxd4 Nc6 8. Ndf3
Qb6 9. Ne2 f6 10. g3 Bb4+ 11. Bd2 fxe5 12. fxe5 O-O 13. Bg2 Ndxe5 14. dxe5 Nxe5
15. Ned4 Nd3+ 16. Ke2 e5 17. Kxd3 exd4 18. Nxd4 Qg6+ 19. Ke2 Bg4+ 20. Nf3 Rae8+
21. Kf2 Bc5+ 0-1

[Event "Internationaal Jeugdtoernooi Limburg 3"]
[Site "Blerick"]
[Date "1997.07.26"]
[Round "5"]
[White "Lemmers, Ruud"]
[Black "Willemze, Thomas"]
[Result "1-0"]
[WhiteElo "1971"]
[BlackElo "1957"]
[PlyCount "87"]
[EventDate "1997.07.24"]
[EventType "swiss"]
[EventRounds "7"]
[EventCountry "NED"]
[Source "P.Boonen"]
[SourceDate "2009.01.01"]

1. e4 c5 2. Nc3 Nc6 3. f4 e6 4. Nf3 d5 5. d3 Nf6 6. e5 Nd7 7. g3 b5 8. a3 Be7
9. Bh3 O-O 10. O-O Qb6 11. Kh1 a5 12. Qe2 Bb7 13. Nxd5 Qd8 14. Nxe7+ Qxe7 15.
Kg1 Nd4 16. Nxd4 cxd4 17. b3 Qc5 18. Bb2 Rac8 19. Rac1 Nb6 20. Qf2 Rfd8 21.
Rfe1 Rc7 22. Bg2 Bxg2 23. Kxg2 Nd5 24. Qxd4 Qxd4 25. Bxd4 Nxf4+ 26. gxf4 Rxd4
27. Kf3 b4 28. Ke3 Rd8 29. axb4 axb4 30. Kd2 Rdc8 31. Re4 Rb7 32. Ra1 h5 33.
Ra4 Rcb8 34. Ke3 Kh7 35. Rc4 Kg6 36. Ke4 Kh6 37. h4 Kg6 38. Ra6 Rb6 39. Rxb6
Rxb6 40. f5+ exf5+ 41. Kf4 f6 42. d4 Kh6 43. exf6 Rxf6 44. d5 1-0

[Event "Internationaal Jeugdtoernooi Limburg 3"]
[Site "Blerick"]
[Date "1997.07.26"]
[Round "5"]
[White "Paulus, Sami"]
[Black "Schilperoort, Jeroen"]
[Result "1-0"]
[WhiteElo "1950"]
[BlackElo "1613"]
[PlyCount "39"]
[EventDate "1997.07.24"]
[EventType "swiss"]
[EventRounds "7"]
[EventCountry "NED"]
[Source "P.Boonen"]
[SourceDate "2009.01.01"]

1. d4 Nf6 2. c4 g6 3. Nc3 Bg7 4. e4 d6 5. f3 O-O 6. Bg5 e5 7. dxe5 dxe5 8. Qxd8
Rxd8 9. Nd5 Nxd5 10. Bxd8 Ne3 11. Kf2 Nxf1 12. Kxf1 Na6 13. Rd1 Be6 14. b3 Nb4
15. Ne2 Nd5 16. cxd5 Rxd8 17. Rc1 Bc8 18. Rxc7 Bf8 19. Kf2 b5 20. Rhc1 1-0

[Event "Internationaal Jeugdtoernooi Limburg 3"]
[Site "Blerick"]
[Date "1997.07.26"]
[Round "5"]
[White "Pietersma, Menno"]
[Black "Berkvens, Joost"]
[Result "0-1"]
[WhiteElo "2054"]
[BlackElo "2078"]
[PlyCount "90"]
[EventDate "1997.07.24"]
[EventType "swiss"]
[EventRounds "7"]
[EventCountry "NED"]
[Source "P.Boonen"]
[SourceDate "2009.01.01"]

1. d4 Nf6 2. Bg5 Ne4 3. Bh4 g5 4. f3 gxh4 5. fxe4 Bh6 6. Nc3 c5 7. dxc5 Qa5 8.
Nf3 Qxc5 9. Qd4 Qxd4 10. Nxd4 d6 11. Nd5 Kd8 12. Nf5 Bxf5 13. exf5 Nc6 14. c3
Ne5 15. e4 e6 16. Nf6 Ke7 17. Nh5 Rhg8 18. g3 Rg4 19. Bg2 Rag8 20. fxe6 fxe6
21. O-O Be3+ 22. Kh1 R4g5 23. Nf6 R8g6 24. Rae1 Bb6 25. Nxh7 Rh5 26. Nf8 Rg8
27. g4 Rhh8 28. Nxe6 Kxe6 29. h3 Rf8 30. Rf5 Nd3 31. Ref1 Nf2+ 32. Kh2 Rxf5 33.
exf5+ Kf6 34. Bxb7 Re8 35. Ba6 Re5 36. Kg2 Ne4 37. Rd1 Ke7 38. Bc4 Bc7 39. Rd5
Kf6 40. Rd3 Ng5 41. b4 Re2+ 42. Kg1 Ne4 43. a4 Bb6+ 44. Kf1 Ng3+ 45. Rxg3 Rf2+
0-1

[Event "Internationaal Jeugdtoernooi Limburg 3"]
[Site "Blerick"]
[Date "1997.07.26"]
[Round "5"]
[White "Snoeck, Rene"]
[Black "Gerritse, Xanthine"]
[Result "1-0"]
[WhiteElo "1744"]
[BlackElo "1702"]
[PlyCount "69"]
[EventDate "1997.07.24"]
[EventType "swiss"]
[EventRounds "7"]
[EventCountry "NED"]
[Source "P.Boonen"]
[SourceDate "2009.01.01"]

1. d4 d5 2. c4 e6 3. Nc3 Nf6 4. Bg5 Be7 5. Nf3 O-O 6. e3 a6 7. Rb1 Nbd7 8. cxd5
exd5 9. Bd3 Re8 10. O-O h6 11. Bh4 b5 12. Qc2 Bb7 13. Rfc1 Rc8 14. a4 b4 15.
Na2 c5 16. dxc5 Nxc5 17. Bf5 b3 18. Qd1 bxa2 19. Ra1 Ne6 20. Qb3 Rxc1+ 21. Rxc1
Qa8 22. Qxa2 Rc8 23. Rd1 g6 24. Bd3 Kg7 25. Qb1 Nc5 26. Bxg6 fxg6 27. Ne5 Nce4
28. f3 Bd6 29. Bxf6+ Kxf6 30. Ng4+ Kg5 31. fxe4 Kxg4 32. e5 Kg5 33. h4+ Kh5 34.
Rd4 Bxe5 35. Qd1# 1-0

[Event "Internationaal Jeugdtoernooi Limburg 3"]
[Site "Blerick"]
[Date "1997.07.26"]
[Round "5"]
[White "Van Beek, Alexander"]
[Black "Schreiber, Christophe"]
[Result "1/2-1/2"]
[WhiteElo "1970"]
[BlackElo "2100"]
[PlyCount "54"]
[EventDate "1997.07.24"]
[EventType "swiss"]
[EventRounds "7"]
[EventCountry "NED"]
[Source "P.Boonen"]
[SourceDate "2009.01.01"]

1. e4 d6 2. d4 Nf6 3. Nc3 g6 4. Nf3 Bg7 5. a3 O-O 6. Be3 c6 7. a4 Qa5 8. Nd2
Nbd7 9. Be2 a6 10. O-O c5 11. d5 Qc7 12. a5 b5 13. axb6 Nxb6 14. Nb3 Re8 15.
Qd2 Bb7 16. Na5 Bc8 17. f4 e6 18. dxe6 fxe6 19. Nb3 Bb7 20. e5 dxe5 21. Bxc5
Rad8 22. Qe3 Nbd5 23. Qf2 exf4 24. Nxd5 Nxd5 25. c4 Ne3 26. Qxf4 Qxf4 27. Rxf4
Nf5 1/2-1/2

[Event "Internationaal Jeugdtoernooi Limburg 3"]
[Site "Blerick"]
[Date "1997.07.26"]
[Round "5"]
[White "Van Gils, Philip"]
[Black "Heltzel, Joost"]
[Result "0-1"]
[WhiteElo "1699"]
[BlackElo "1890"]
[PlyCount "92"]
[EventDate "1997.07.24"]
[EventType "swiss"]
[EventRounds "7"]
[EventCountry "NED"]
[Source "P.Boonen"]
[SourceDate "2009.01.01"]

1. c4 Nf6 2. d4 c5 3. e3 g6 4. Nf3 Bg7 5. Nc3 O-O 6. Bd3 Na6 7. O-O d6 8. Re1
Nc7 9. h3 Rb8 10. Rb1 a6 11. b4 Nd7 12. Qc2 e5 13. bxc5 dxc5 14. d5 Ne8 15. e4
Nd6 16. g4 Re8 17. g5 Bf8 18. h4 b5 19. cxb5 c4 20. Bf1 axb5 21. Ba3 Ba6 22.
Bb4 Qc7 23. Bh3 Nc5 24. Bxc5 Qxc5 25. Bd7 Re7 26. Bh3 Bg7 27. Ne2 b4 28. Qa4
Qb5 29. Qxb5 Rxb5 30. a3 bxa3 31. Rxb5 Nxb5 32. Ra1 Rc7 33. Ne1 Bc8 34. Bxc8
Rxc8 35. Nc2 Ra8 36. Nb4 Bf8 37. Nc6 Nd4 38. Nc3 Nxc6 39. dxc6 Rc8 40. Kf1 Rxc6
41. Ke2 Rb6 42. Nd1 Bc5 43. Rc1 Bd4 44. Ne3 a2 45. Nc2 Rb2 46. Kd2 Rxc2+ 0-1

[Event "Internationaal Jeugdtoernooi Limburg 3"]
[Site "Blerick"]
[Date "1997.07.26"]
[Round "5"]
[White "Vinck, Martin"]
[Black "Van Gemen, Felix"]
[Result "1/2-1/2"]
[WhiteElo "1708"]
[BlackElo "1672"]
[PlyCount "42"]
[EventDate "1997.07.24"]
[EventType "swiss"]
[EventRounds "7"]
[EventCountry "NED"]
[Source "P.Boonen"]
[SourceDate "2009.01.01"]

1. e4 e6 2. d4 d5 3. Nc3 Bb4 4. e5 c5 5. a3 Bxc3+ 6. bxc3 Qc7 7. Nf3 Bd7 8. Bd3
c4 9. Be2 Ba4 10. O-O a6 11. Kh1 Ne7 12. Ng1 Nd7 13. Bh5 Rf8 14. Bg4 Qc6 15.
Nh3 f5 16. exf6 Nxf6 17. f4 Bxc2 18. Qxc2 Nxg4 19. Qe2 Nf6 20. Qxe6 Rf7 21. Qe3
O-O-O 1/2-1/2

[Event "Internationaal Jeugdtoernooi Limburg 3"]
[Site "Blerick"]
[Date "1997.07.26"]
[Round "6"]
[White "Gerritse, Xanthine"]
[Black "Van Gils, Philip"]
[Result "0-1"]
[WhiteElo "1702"]
[BlackElo "1699"]
[PlyCount "68"]
[EventDate "1997.07.24"]
[EventType "swiss"]
[EventRounds "7"]
[EventCountry "NED"]
[Source "P.Boonen"]
[SourceDate "2009.01.01"]

1. Nf3 Nf6 2. b3 e6 3. Bb2 d5 4. e3 c5 5. Ne5 Bd6 6. Bd3 Nbd7 7. f4 Qc7 8. Nxd7
Bxd7 9. O-O O-O-O 10. a4 Bc6 11. Na3 a6 12. Qe2 h5 13. Bc3 h4 14. Nb5 axb5 15.
axb5 Be8 16. Ra8+ Kd7 17. b6 Qc6 18. Bb5 Rxa8 19. Ra1 Rxa1+ 20. Bxa1 Ke7 21.
Bxc6 Bxc6 22. d4 Ra8 23. Bc3 Ne4 24. Qe1 f6 25. dxc5 Bxc5 26. Bd4 Bxd4 27. exd4
Ra2 28. Qc1 Nc3 29. Kf2 Bb5 30. Kf3 f5 31. Qe1 Rxc2 32. Qxh4+ Kf7 33. Qh5+ Kg8
34. Qg5 Be2+ 0-1

[Event "Internationaal Jeugdtoernooi Limburg 3"]
[Site "Blerick"]
[Date "1997.07.26"]
[Round "6"]
[White "Heltzel, Joost"]
[Black "Leenhouts, Koen"]
[Result "1/2-1/2"]
[WhiteElo "1890"]
[BlackElo "1735"]
[PlyCount "30"]
[EventDate "1997.07.24"]
[EventType "swiss"]
[EventRounds "7"]
[EventCountry "NED"]
[Source "P.Boonen"]
[SourceDate "2009.01.01"]

1. e4 d6 2. d4 Nf6 3. Nc3 g6 4. f4 Bg7 5. Nf3 O-O 6. Bd3 Nbd7 7. O-O e5 8. fxe5
dxe5 9. dxe5 Nxe5 10. Nxe5 Qd4+ 11. Kh1 Qxe5 12. Bf4 Qe7 13. Bg5 Qe5 14. Bf4
Qe7 15. Bg5 Qe5 1/2-1/2

[Event "Internationaal Jeugdtoernooi Limburg 3"]
[Site "Blerick"]
[Date "1997.07.26"]
[Round "6"]
[White "Hoogendoorn, Joost"]
[Black "Berkvens, Joost"]
[Result "0-1"]
[WhiteElo "2302"]
[BlackElo "2078"]
[PlyCount "92"]
[EventDate "1997.07.24"]
[EventType "swiss"]
[EventRounds "7"]
[EventCountry "NED"]
[Source "P.Boonen"]
[SourceDate "2009.01.01"]

1. g3 Nf6 2. Bg2 g6 3. e4 Nc6 4. Nc3 d6 5. h3 e5 6. Nf3 Bg7 7. d4 exd4 8. Nxd4
Nxd4 9. Qxd4 O-O 10. Qd3 Nd7 11. Qe2 Nb6 12. O-O Be6 13. Rd1 Qd7 14. Kh2 f5 15.
a4 Rae8 16. f4 Bxc3 17. bxc3 fxe4 18. a5 Nd5 19. Bb2 Rf5 20. Qxe4 Rh5 21. f5
Bf7 22. Qd4 c5 23. Qd2 Ne3 24. Rdb1 Nxg2 25. Qxg2 Qxf5 26. g4 Qf4+ 27. Kg1 Rhe5
28. Rf1 Qe3+ 29. Kh2 Bd5 30. Qf2 Qg5 31. Rae1 Qe7 32. Rxe5 Qxe5+ 33. Qg3 Qe2+
34. Rf2 Qe1 35. Qf4 Qe4 36. c4 Qxf4+ 37. Rxf4 Re2+ 38. Kg3 Rxc2 39. cxd5 Rxb2
40. Re4 b5 41. axb6 Rxb6 42. Ra4 a6 43. g5 Rb3+ 44. Kg2 Rd3 45. Rxa6 Rxd5 46.
h4 c4 0-1

[Event "Internationaal Jeugdtoernooi Limburg 3"]
[Site "Blerick"]
[Date "1997.07.26"]
[Round "6"]
[White "Morks, Ewout"]
[Black "De Jong, Jan Willem"]
[Result "1/2-1/2"]
[WhiteElo "1905"]
[BlackElo "1980"]
[PlyCount "51"]
[EventDate "1997.07.24"]
[EventType "swiss"]
[EventRounds "7"]
[EventCountry "NED"]
[Source "P.Boonen"]
[SourceDate "2009.01.01"]

1. e4 Nf6 2. e5 Nd5 3. Nc3 e6 4. Nf3 d6 5. d4 Be7 6. Bd3 Nc6 7. Ne4 dxe5 8.
dxe5 Ndb4 9. Bc4 Qxd1+ 10. Kxd1 b6 11. c3 Nd5 12. Kc2 Bb7 13. Re1 h6 14. a3
O-O-O 15. Bd3 Rhe8 16. Bd2 Bf8 17. Rad1 Nde7 18. Re2 Rd7 19. h4 Red8 20. Bf4
Na5 21. Rdd2 Nb3 22. Rd1 Rxd3 23. Rxd3 Bxe4 24. Rxe4 Rxd3 25. Kxb3 Nc6 26. Kc2
1/2-1/2

[Event "Internationaal Jeugdtoernooi Limburg 3"]
[Site "Blerick"]
[Date "1997.07.26"]
[Round "6"]
[White "Paulus, Sami"]
[Black "Van Beek, Alexander"]
[Result "0-1"]
[WhiteElo "1950"]
[BlackElo "1970"]
[PlyCount "84"]
[EventDate "1997.07.24"]
[EventType "swiss"]
[EventRounds "7"]
[EventCountry "NED"]
[Source "P.Boonen"]
[SourceDate "2009.01.01"]

1. d4 d5 2. c4 e6 3. Nc3 c6 4. Nf3 dxc4 5. a4 Bb4 6. Bd2 a5 7. e3 b5 8. Ne5 Bb7
9. Qf3 Qc7 10. Qg4 Kf8 11. Qg3 Qe7 12. Be2 Nf6 13. O-O Bxc3 14. bxc3 Ne4 15.
Qh3 Nxd2 16. Bh5 Nxf1 17. Bxf7 Nd7 18. Nxd7+ Qxd7 19. Bxe6 Qe7 20. Rxf1 Re8 21.
Qf5+ Qf6 22. Qc5+ Re7 23. Bg4 g6 24. e4 Kf7 25. e5 Qg5 26. Bh3 Ree8 27. axb5
cxb5 28. Qxb5 Bc8 29. f4 Qe7 30. Qc5 Kg7 31. f5 Bxf5 32. Bxf5 gxf5 33. Rxf5
Rhf8 34. Rf3 Rxf3 35. gxf3 Qg5+ 36. Kf2 Qd2+ 37. Kf1 Rf8 38. Qc6 Qd1+ 39. Kf2
Qd2+ 40. Kg3 Kh8 41. Kh3 Qg5 42. Qd5 Rg8 0-1

[Event "Internationaal Jeugdtoernooi Limburg 3"]
[Site "Blerick"]
[Date "1997.07.26"]
[Round "6"]
[White "Schilperoort, Jeroen"]
[Black "Holtackers, Daan"]
[Result "1/2-1/2"]
[WhiteElo "1613"]
[BlackElo "1784"]
[PlyCount "25"]
[EventDate "1997.07.24"]
[EventType "swiss"]
[EventRounds "7"]
[EventCountry "NED"]
[Source "P.Boonen"]
[SourceDate "2009.01.01"]

1. e4 c5 2. c3 Nf6 3. e5 Nd5 4. d4 cxd4 5. Bc4 Nb6 6. Bb3 Nc6 7. Nf3 d6 8. cxd4
dxe5 9. Nxe5 Nxe5 10. dxe5 Qxd1+ 11. Bxd1 Be6 12. O-O g6 13. Nc3 1/2-1/2

[Event "Internationaal Jeugdtoernooi Limburg 3"]
[Site "Blerick"]
[Date "1997.07.26"]
[Round "6"]
[White "Schreiber, Christophe"]
[Black "Bergez, Luc"]
[Result "0-1"]
[WhiteElo "2100"]
[BlackElo "2310"]
[PlyCount "52"]
[EventDate "1997.07.24"]
[EventType "swiss"]
[EventRounds "7"]
[EventCountry "NED"]
[Source "P.Boonen"]
[SourceDate "2009.01.01"]

1. e4 c5 2. Nc3 Nc6 3. g3 h5 4. Nf3 d6 5. d4 cxd4 6. Nxd4 h4 7. Be3 hxg3 8.
fxg3 Nf6 9. Qd2 e5 10. Nf3 a6 11. a4 Bg4 12. Be2 Rc8 13. O-O Na5 14. Ng5 Bxe2
15. Qxe2 Nc4 16. Nd5 Nxe3 17. Nxe3 Qb6 18. Kg2 Be7 19. b3 Rxh2+ 20. Kxh2 Qxe3
21. Rae1 Qxg5 22. Rf5 Qg4 23. Kg2 Rc3 24. Rf3 Nh5 25. Qf2 Nf4+ 26. Kf1 Rxf3 0-1